| 000 | 00000nam 2200000za 4500 |
| 001 | 9.648304 |
| 003 | CaOODSP |
| 005 | 20200330212032 |
| 007 | ta |
| 008 | 150407s2002 onc||||| f|0| 0 eng d |
| 020 | |a0-660-62012-X |
| 040 | |aCaOODSP|beng |
| 043 | |an-cn--- |
| 086 | 1 |aS2-211/2002-1E |
| 110 | 1 |aCanada. |bCanadian Heritage. |
| 245 | 10|aSymbols of Canada (folded chart). |
| 260 | |aOttawa : |bCanadian Heritage, |c2002. |
| 300 | |a1 folded sheet. : |bcoloured illus. ; |c84 cm. |
| 690 | 07|aFlags|2gcpds |
| 690 | 07|aNational symbols|2gcpds |
| 775 | 08|tLes symboles du Canada (affiche).|w(CaOODSP)9.681849 |
| 776 | 0#|tThe provinces and territories of Canada |w(CaOODSP)9.818121 |